Chad : First Review Under the Extended Credit Facility Arrangement, and Request for a Waiver of Nonobservance of Performance Criteria.

On April 13, 2018, the Executive Board of the International Monetary Fund (IMF) completed the first review of Chad's economic performance under the program supported by an Extended Credit Facility (ECF) arrangement. Completion of this review enables the immediate disbursement of SDR 35.05 milli...

Descrizione completa

Dettagli Bibliografici
Ente Autore: International Monetary Fund. African Dept
Natura: Periodico
Lingua:English
Pubblicazione: Washington, D.C. : International Monetary Fund, 2018.
Serie:IMF Staff Country Reports; Country Report ; No. 2018/108
Accesso online:Full text available on IMF
LEADER 01935cas a2200253 a 4500
001 AALejournalIMF018643
008 230101c9999 xx r poo 0 0eng d
020 |c 5.00 USD 
020 |z 9781484367391 
022 |a 1934-76851 
040 |a BD-DhAAL  |c BD-DhAAL 
110 2 |a International Monetary Fund.  |b African Dept. 
240 1 0 |a Chad: First Review Under the Extended Credit Facility Arrangement, and Request for a Waiver of Nonobservance of Performance Criteria.  |l French 
245 1 0 |a Chad :   |b First Review Under the Extended Credit Facility Arrangement, and Request for a Waiver of Nonobservance of Performance Criteria. 
264 1 |a Washington, D.C. :  |b International Monetary Fund,  |c 2018. 
300 |a 1 online resource (93 pages) 
490 1 |a IMF Staff Country Reports 
500 |a <strong>Off-Campus Access:</strong> No User ID or Password Required 
500 |a <strong>On-Campus Access:</strong> No User ID or Password Required 
506 |a Electronic access restricted to authorized BRAC University faculty, staff and students 
520 3 |a On April 13, 2018, the Executive Board of the International Monetary Fund (IMF) completed the first review of Chad's economic performance under the program supported by an Extended Credit Facility (ECF) arrangement. Completion of this review enables the immediate disbursement of SDR 35.05 million (about USD 51 million). This brings total disbursements under the arrangement to SDR 70.1 million (about USD 99.8 million). The Board also approved the authorities' request to waive the non-observance of the continuous performance criterion on the non-accumulation of new external payments arrears, and to rephase the planned disbursements. 
538 |a Mode of access: Internet 
830 0 |a IMF Staff Country Reports; Country Report ;  |v No. 2018/108 
856 4 0 |z Full text available on IMF  |u http://elibrary.imf.org/view/journals/002/2018/108/002.2018.issue-108-fr.xml  |z IMF e-Library